| 000 | 00538nam a2200193Ia 4500 | ||
|---|---|---|---|
| 008 | 191130s2010##################000#0#eng## | ||
| 020 | _a9789380012124 | ||
| 040 |
_aACL _cACL |
||
| 082 | _a579.28 AHL | ||
| 100 | _aAhlawat, Y S | ||
| 245 |
_aDiagnosis of plant viruses and allied pathogens _cY S Ahlawat |
||
| 260 |
_aNew delhi _b[publisher not identified] _c2010 |
||
| 300 | _ax, 224p | ||
| 500 | _aIncludes index | ||
| 650 | _aPlant viruses | ||
| 990 | _ad7afc148ac10000c35264c95e8f53de7 | ||
| 991 | _a239299 | ||
| 999 |
_c149017 _d149017 |
||